000
00288nam a22001337a 4500
003
SGT
020
_a
0-19-568911-9
082
_a
613.2
_b
ROD
100
_a
RODAY, SUNETRA
245
_a
FOOD SCIENCE & NUTRITION
260
_a
NEW YORK
_b
OXFORD
_c
2010
300
_a
356
942
_2
ddc
_c
BK
_0
2
999
_c
22739
_d
22739